[Event "St Petersburg White Nights op"]
[Site "St Petersburg"]
[Date "2005.06.24"]
[Round "7"]
[White "Kopasov, Evgeny Aleksandrovi"]
[Black "Zalazaev, Evgeny"]
[Result "1-0"]
[WhiteElo "2120"]
[BlackElo "1866"]
[PlyCount "103"]
[EventDate "2005.06.18"]
[EventType "swiss"]
[EventRounds "9"]
[EventCountry "RUS"]
[SourceTitle "CBM 106 Extra"]
[Source "ChessBase"]
[SourceDate "2005.07.01"]
[SourceVersion "1"]
[SourceVersionDate "2005.07.01"]
[SourceQuality "1"]

1. d4 d5 2. c4 dxc4 3. Nf3 Nf6 4. e3 e6 5. Bxc4 c5 6. 0-0 a6 7. e4 Nxe4 8. d5 Nd6 9. dxe6 fxe6 10. Bb3 Be7 11. Re1 c4 12. Bc2 0-0 13. Ne5 Qc7 14. Qh5 Nf5 15. g4 Bd6 16. gxf5 Bxe5 17. fxe6 Bxh2+ 18. Qxh2 Qxh2+ 19. Kxh2 Rxf2+ 20. Kg1 Rxc2 21. e7 Bd7 22. e8Q+ Bxe8 23. Rxe8+ Kf7 24. Re1 c3 25. b3 b5 26. Na3 Rxc1 27. Raxc1 b4 28. Nc4 Nc6 29. Rf1+ Kg8 30. Rcd1 h5 31. Rd6 Ne7 32. Rd7 Nc6 33. Rff7 c2 34. Rf1 Re8 35. Rd2 Kh7 36. Rxc2 Nd4 37. Rd2 Ne2+ 38. Kg2 Nc3 39. Rd6 Re2+ 40. Rf2 Rxf2+ 41. Kxf2 Ne4+ 42. Kg2 Nxd6 43. Nxd6 Kg6 44. Kf3 Kf6 45. Ke4 h4 46. Nf5 h3 47. Ne3 Kg5 48. Kf3 h2 49. Kg2 h1Q+ 50. Kxh1 a5 51. Nc4 Kf4 52. Nxa5 1-0

[Event "St Petersburg White Nights op"]
[Site "St Petersburg"]
[Date "2005.06.23"]
[Round "6"]
[White "Zalazaev, Evgeny"]
[Black "Malakhov, Igor"]
[Result "0-1"]
[WhiteElo "1866"]
[BlackElo "2197"]
[PlyCount "72"]
[EventDate "2005.06.18"]
[EventType "swiss"]
[EventRounds "9"]
[EventCountry "RUS"]
[SourceTitle "CBM 106 Extra"]
[Source "ChessBase"]
[SourceDate "2005.07.01"]
[SourceVersion "1"]
[SourceVersionDate "2005.07.01"]
[SourceQuality "1"]

1. d4 Nf6 2. c4 e6 3. Nc3 Bb4 4. e3 b6 5. Nge2 Ba6 6. a3 Be7 7. Ng3 d5 8. cxd5 Bxf1 9. Nxf1 exd5 10. Ng3 0-0 11. 0-0 Re8 12. Qf3 c6 13. Rd1 Bd6 14. Bd2 Bxg3 15. Qxg3 Ne4 16. Nxe4 Rxe4 17. Rac1 Re6 18. f3 f5 19. b4 a6 20. Rc3 Nd7 21. Rdc1 Rc8 22. a4 b5 23. axb5 axb5 24. Ra1 Nb6 25. Qf4 Qf8 26. Rb3 Nc4 27. Bc1 Rce8 28. Kf2 Qf6 29. h4 h6 30. Qg3 Nxe3 31. Bxe3 Rxe3 32. Rxe3 Qxd4 33. Rae1 Rxe3 34. Kf1 f4 35. Qf2 Qd3+ 36. Kg1 Rxe1+ 0-1